| 000 | 00469nam a2200157Ia 4500 | ||
|---|---|---|---|
| 008 | 160316s2009 xxu||||| |||| 00| 0 eng d | ||
| 082 |
_a341.754000 _bHOE |
||
| 100 | _aHoekman Bernard M | ||
| 245 | _aThe political economy of the world trading system : The WTO and beyond | ||
| 250 | _a3rd | ||
| 260 |
_aOxford _bOxford University Press _c2009 |
||
| 300 |
_a740p _b _cxviii |
||
| 365 | _b Rs. 1,100 | ||
| 650 | _a1. World Trade System | ||
| 700 |
_aKostecki Michel M _a |
||
| 999 |
_c26305 _d26305 |
||